000 00254nam a2200109Ia 4500
008 200302s9999 xx 000 0 und d
100 _aRolf Jensen
245 _aCities of Vision
260 _bApplied Science Publishers Lid
260 _c174
300 _a382
999 _c5239
_d5239